| 000 | 03551nam a2200289 a 4500 | ||
|---|---|---|---|
| 001 | 000009039 | ||
| 005 | 20240412074209.0 | ||
| 008 | 090925s1974 dr 000 p spa d | ||
| 040 |
_aDO-SdBNP _bspa _cBNPHU |
||
| 082 |
_aRD861.4408 _bL768q, 1974 |
||
| 245 | 0 | 0 |
_aLira de Quisqueya : _bpoesías dominicanas / _cescogidas y seleccionadas por José Castellanos. |
| 250 | _aEd. facsím. | ||
| 260 |
_aSanto Domingo : _bEditora de Santo Domingo, _c1974. |
||
| 300 |
_a328 p. ; _c25 cm. |
||
| 490 | 1 | _aSociedad Dominicana de Bibliofilos. Colección Cultura Dominicana | |
| 500 | _aIncluye síntesis biográfica de los autores compilados. | ||
| 505 | 0 |
_tLa víspera del suicidio -- _tUna noche en el templo, _tEn la muerte de mi padre / _rManuel María Valencia -- _tEl suspiro i la canción ; _tA*** ; _tA una lámpara ; _tEl cementerio ; _tFastidio ; _tA Dios / _rJavier Angulo Guridi -- _tA la señorita R. M. ; _tDolora ; _tEl banilejo i la jibarita ; _tA mi patria / _rFélix Maria del Monte -- _tNoche de difuntos ; _tMi patria ; _tUna lágrima ; _tEl guajiro predilecto / _rNicolás Ureña -- _tLa vígen del Ozama ; _tA la muerte de la sta Dolores Suazo ; _tEl blasfemo ; _tLa vida / _rFélix Mota -- _rUn isleño deterrado _rJosé María González -- _tA mi hermano R. Perdomo ; _tAl presbítero Fernando A. Meriño ; _tA la noche / _rJosefa A. Perdomo -- _tA una flor silvestre ; _tA mi patria ; _tEl color azul (a Silvia) ; _tUn recuerdo a Joselía ; _tLas dos palmas (apólogo) ; _tEl viajero (a caridia) ; _tEl despertamiento ; _tAislamiento ; _tEl calórico i la luz (apólogo) / _rManuel de Jesús de Peña -- _tEl 9 de junio ; _tA la muerte del malogrado jóven Alberto Rotellini ; _tA la palma de la libertad ; _tSuspiro i deseo ; _tA*** / _rJosé Francisco Pichardo -- _tMi patria ; _tAlegoría ; _t¿Que hare? ; _tOscuridad ; _tEl apóstol ; _tNunca te olvidaré ; _tHojas perdidas / _rManuel Rodríguez Objio -- _tSi te amo ; _tA Emilia ; _tEl 5 de mayo ; _tLa huérfana á Dios ; _tA Cuba / _rJosé Francisco Pellerano -- _tTu cuna i su sepulcro!, _tCuba i Puerto Rico ; _tDiez i siete años ; _tRáfagas ; _tBaní ; _tEcos del destierro ; _tEn mi retrato ; _tInscripciones ; _tLa vuelta al hogar / _rJosé Joaquín Pérez -- _tA dios al año ; _tA un libertino ; _tA una amiga / _rMiguel Roman i Rodríguez -- _tEmociones ; _tA mi madre; _tOda ; _tTu i yo ; _tLa vuelta al hogar ; _tRamillete ; _tHastío ; _tFantasia ; _tA "La juventud" ; _t¡Adios! / _rManuel de Jesús Rodríguez -- |
|
| 505 | 0 |
_tMis deseos ; _tA mi sobrina Elena Edelina ; _tCuba libre! ; _tRestauración ; _tSueño i realidad ; _tGuirnalda ; _tAntítesis ; _tMaria ; _tMeditación / _rFederico Henriquez i Carvajal -- _tEl batey ; _tSólo! ; _tA mi patria ; _tA C*** ; _tDesaliento ; _tSueños / _rJuan Isidro Ortea -- _tLa gloria del progreso ; _tRecuerdos á un proscripto ; _tMelancolía ; _tContestación ; _tA mi patria ; _tGratitud ; _tUn himno y una lágrima / _rSalomé Ureña -- _tA mi madre ; _tDolora ; _tLágrimas ; _tTe amo ; _tMisterio ; _tHastío ; _tAuras ; _tEn el albúm de una poetisa ; _tLéjos ; _tA una mujer / _rFrancisco Javier Machado -- _rVaguedad ; _rLa mujer ; _tÁ*** ; _tYo te amo / _rApolinar Tejera |
|
| 533 |
_aFacsímil de: _bSanto Domingo: _cImprenta de Garota Hermanos, _d1874. |
||
| 590 | _aInventariado, 2018/LP | ||
| 650 | 4 |
_aPoesía dominicana _xColecciones _9351 |
|
| 650 | 4 |
_aAutores dominicanos _xSiglo xix _923683 |
|
| 650 | 0 |
_aLiteratura dominicana. _967 |
|
| 700 | 1 |
_aCastellanos, José, _ecomp. _923684 |
|
| 830 | 0 |
_aSociedad Dominicana de Bibliofilos. Colección Cultura Dominicana _923685 |
|
| 910 | _aValidado. Control de calidad BNPHU | ||
| 999 |
_c8803 _d8803 |
||